Reporting conflict / (Record no. 19715)
[ view plain ]
| 000 -LEADER | |
|---|---|
| fixed length control field | 01397cam a22003255a 4500 |
| 001 - CONTROL NUMBER | |
| control field | 016043992 |
| 003 - CONTROL NUMBER IDENTIFIER | |
| control field | OSt |
| 005 - DATE AND TIME OF LATEST TRANSACTION | |
| control field | 20150928143406.0 |
| 008 - FIXED-LENGTH DATA ELEMENTS--GENERAL INFORMATION | |
| fixed length control field | 120618s2012 enk frb 001 0aeng d |
| 020 ## - INTERNATIONAL STANDARD BOOK NUMBER | |
| International Standard Book Number | 9780230274464 (pbk.) |
| 040 ## - CATALOGING SOURCE | |
| Original cataloging agency | StDuBDS |
| Language of cataloging | eng |
| Transcribing agency | StDuBDS |
| Modifying agency | Uk |
| -- | EG-ScBUE |
| 043 ## - GEOGRAPHIC AREA CODE | |
| Geographic area code | e-uk--- |
| 082 04 - DEWEY DECIMAL CLASSIFICATION NUMBER | |
| Classification number | 070.4333 |
| Item number | ROD |
| Edition number | 22 |
| 100 1# - MAIN ENTRY--PERSONAL NAME | |
| Personal name | Rodgers, James, |
| Dates associated with a name | 1966- |
| 9 (RLIN) | 38376 |
| 245 10 - TITLE STATEMENT | |
| Title | Reporting conflict / |
| Statement of responsibility, etc | James Rodgers. |
| 260 ## - PUBLICATION, DISTRIBUTION, ETC. (IMPRINT) | |
| Place of publication, distribution, etc | Houndmills ; |
| -- | New York : |
| Name of publisher, distributor, etc | Palgrave Macmillan, |
| Date of publication, distribution, etc | 2012. |
| 300 ## - PHYSICAL DESCRIPTION | |
| Extent | xiv, 154 p. ; |
| Dimensions | 22 cm. |
| 490 0# - SERIES STATEMENT | |
| Series statement | Journalism : critical practice |
| 500 ## - GENERAL NOTE | |
| General note | Index : p. 149-154. |
| 504 ## - BIBLIOGRAPHY, ETC. NOTE | |
| Bibliography, etc | Bibliography : p. 142-148. |
| 520 ## - SUMMARY, ETC. | |
| Summary, etc | "In Reporting Conflict, a correspondent turned lecturer draws on his personal experience of journalism in wartime. The author, James Rodgers, has reported on world-changing conflicts. The book combines reflection on this personal experience with an assessment of other accounts of journalism in wartime, and academic studies on the subject."-- |
| 600 10 - SUBJECT ADDED ENTRY--PERSONAL NAME | |
| Personal name | Rodgers, James, |
| Dates associated with a name | 1966- |
| 9 (RLIN) | 38376 |
| 650 #7 - SUBJECT ADDED ENTRY--TOPICAL TERM | |
| Topical term or geographic name as entry element | War correspondents |
| Geographic subdivision | Great Britain |
| Form subdivision | Biography. |
| Source of heading or term | BUEsh |
| 650 #7 - SUBJECT ADDED ENTRY--TOPICAL TERM | |
| Topical term or geographic name as entry element | Television journalists |
| Geographic subdivision | Great Britain |
| Form subdivision | Biography. |
| Source of heading or term | BUEsh |
| 9 (RLIN) | 21820 |
| 650 #7 - SUBJECT ADDED ENTRY--TOPICAL TERM | |
| Topical term or geographic name as entry element | War |
| General subdivision | Press coverage. |
| Source of heading or term | BUEsh |
| 650 #7 - SUBJECT ADDED ENTRY--TOPICAL TERM | |
| Topical term or geographic name as entry element | Reporters and reporting. |
| Source of heading or term | BUEsh |
| 651 ## - SUBJECT ADDED ENTRY--GEOGRAPHIC NAME | |
| Source of heading or term | BUEsh |
| 653 ## - INDEX TERM--UNCONTROLLED | |
| Resource For college | Communication and mass media |
| Arrived date list | June2015 |
| -- | August2015 |
| 942 ## - ADDED ENTRY ELEMENTS (KOHA) | |
| Call number prefix | 070.4333 ROD |
| Withdrawn status | Lost status | Source of classification or shelving scheme | Damaged status | Not for loan | Koha collection | Home library | Current library | Shelving location | Date acquired | Source of acquisition | Cost, normal purchase price | Serial Enumeration / chronology | Total Checkouts | Total Renewals | Full call number | Barcode | Date last seen | Date last borrowed | Cost, replacement price | Koha item type |
|---|---|---|---|---|---|---|---|---|---|---|---|---|---|---|---|---|---|---|---|---|
| Dewey Decimal Classification | Alahram | Central Library | Central Library | Lower Floor | 17/06/2015 | 257.00 | 315 | 1 | 4 | 070.4333 ROD | 000038594 | 15/07/2025 | 28/09/2016 | 321.25 | Book - Borrowing |